000 00679nam a2200241Ia 4500
003 OSt
005 20220918173146.0
006 a|||||r|||| 00| 0
007 ta
008 220917b |||||||| |||| 00| 0 eng d
024 _a5,404
037 _cTextual
040 _aARTS
_cARTS
_beng
041 _2eng
_aeng
082 _a2:8b, N4 (2D)
100 _aMuirhead Graeme. ed
_945151
245 0 _aSystems libraria
_b The role of the library systems manager
260 _aLondon
_bLibrary Association
_c1994
300 _axxxv,245p
_ccm.
650 _aLIBRARY SCIENCE
942 _h2:8b, N4 (2D)
_cTEXL
_2CC
999 _c147436
_d147436